| 000 | 01211nam a22002535a 4500 | ||
|---|---|---|---|
| 005 | 20191224041841.0 | ||
| 008 | 090327s2008 ck ab g 000 0dspa d | ||
| 020 | _a97895817190298 | ||
| 040 |
_aCO-BoBLA _cCO-BoBLA _dCO-BoIAVH |
||
| 041 | _aspa | ||
| 044 | _ack | ||
| 082 | 0 | 4 |
_a333.72 _bA47d |
| 100 | 1 |
_aAlzate Atehortúa, Beatriz Elena, _d1965- |
|
| 245 | 1 | 0 |
_aDiagnóstico de la sostenibilidad ambiental : _bbajo un enfoque sistémico de las interrelaciones sociedad-naturaleza : base teórico-metodológico y aplicación a través de indicadores sistémicos ambientales - ISA, espaciales o de tercera generación / _cBeatriz Elena Alzate Atehortúa. |
| 260 |
_aBogotá : _bUniversidad Nacional de Colombia. Instituto de Estudios Ambientales (IDEA), _c2008. |
||
| 300 |
_a135 páginas : _bilustraciones a color, mapas ; _c22 x 28 cm. + _e1 CD-ROM. |
||
| 504 | _aIncluye bibliografía. | ||
| 650 | 6 | _aEvaluación ambiental. | |
| 650 | 6 | _aGestión ambiental. | |
| 650 | 6 | _aIndicadores ambientales. | |
| 650 | 6 | _aEvaluación del impacto ambiental. | |
| 710 | 2 |
_aUniversidad Nacional de Colombia. _bInstituto de Estudios Ambientales. |
|
| 942 |
_2ddc _cLIBRO |
||
| 999 |
_c6723 _d6723 |
||